Fotbal : kondiční trénink

Enregistré dans:
Détails bibliographiques
Auteur principal: Psotta, Rudolf (Auteur)
Format: Livre
Langue:tchèque
Publié: Praha : Grada, 2006
Sujets:
Tags: Ajouter un tag
Pas de tags, Soyez le premier à ajouter un tag!

MARC

LEADER 00000nam a22000003a 4500
001 stu122358
005 20150617225902.9
008 060629s2006----xr------------------cze-d
020 |a 80-247-0821-3 
040 |a STU  |b slo 
041 0 |a cze 
044 |a xr 
080 |a 796 
100 1 |a Psotta, Rudolf  |4 aut 
245 1 |a Fotbal :  |b kondiční trénink 
260 |a Praha :  |b Grada,  |c 2006 
300 |a 213 s 
650 7 |a futbal  |2 stusub 
996 |b 284M073642  |c M*11952-1  |l MMKN  |s A  |a 24  |w stu122358_0001